000
00342nam a2200133Ia 4500
001
3185
008
241024s9999 xx 000 0 und d
082
_a
RD/375.07/V234r
100
_a
Rosa Vanderhorst
245
0
_a
Revisión curricular 2011-2013 (Borrador)
260
_b
Santo Domingo
_c
2013
901
_a
4/9/2013 11:10:52 a.m.
999
_c
8426
_d
8426